| 000 | 00611nam a22002297a 4500 | ||
|---|---|---|---|
| 003 | UA-OsUOA | ||
| 001 | 55721 | ||
| 007 | ta | ||
| 008 | 20080919b un ||||| |||| 00| 0 ukr d | ||
| 100 | _aСаблук П. | ||
| 700 | _aПріб К. | ||
| 090 | _a330(477) | ||
| 942 | _cSA | ||
| 040 |
_aUA-OsUOA _bukr _cUA-OsUOA _dUA-OsUOA |
||
| 245 | _aПроцес міжнародного руху капіталів та участь в них України | ||
| 300 | _aС.56-68 | ||
| 955 | _a0 | ||
| 041 | _aukr | ||
| 080 | _a330(477) | ||
| 773 | 0 | _w55718 | |
| 650 | 7 |
_a330 Економіка взагалі _2UDC |
|
| 999 |
_c341800 _d341800 |
||